[Event "Ogolnopolski Integracyjny Turniej Szacho"]
[Site "Osrodek "]
[Date "2012.??.??"]
[Round "1.1"]
[White "Kiedrowicz, Jan"]
[Black "Prokopczuk, Antoni"]
[Result "1-0"]
[WhiteElo "2298"]
[BlackElo "1748"]
[PlyCount "73"]
[EventDate "2012.??.??"]

1. d4 Nf6 2. c4 e6 3. g3 c6 4. Bg2 Be7 5. e4 d6 6. Nc3 O-O 7. Nge2 h6 8. O-O e5
9. h3 Nh7 10. f4 exf4 11. gxf4 f5 12. e5 Na6 13. Be3 Nc7 14. d5 c5 15. Qd3 Qe8
16. Kh1 Kh8 17. Bf2 Rb8 18. Rae1 Qd8 19. Ng1 a6 20. Nf3 b5 21. exd6 Bxd6 22.
Ne5 bxc4 23. Nxc4 Nb5 24. Na4 Nf6 25. Ne5 Bxe5 26. fxe5 Ne4 27. Nxc5 Nxf2+ 28.
Rxf2 Qb6 29. b4 Nc7 30. Rf4 g5 31. Rd4 Nb5 32. d6 Nxd4 33. Qxd4 Be6 34. Nxe6
Qxd4 35. Nxd4 Rxb4 36. Nc6 f4 37. Nxb4 1-0

[Event "Ogolnopolski Integracyjny Turniej Szacho"]
[Site "Osrodek "]
[Date "2012.??.??"]
[Round "1.2"]
[White "Debowski, Stanislaw"]
[Black "Wojcieszyn, Jacenty"]
[Result "0-1"]
[WhiteElo "1741"]
[BlackElo "2240"]
[PlyCount "52"]
[EventDate "2012.??.??"]

1. d4 d5 2. e3 Nf6 3. Bd3 c5 4. c3 Qc7 5. f4 Nc6 6. Nd2 cxd4 7. exd4 Qxf4 8.
Ngf3 Bg4 9. O-O Qe3+ 10. Kh1 Qxd3 11. Qe1 e6 12. Ne5 Nxe5 13. Qxe5 Be7 14. Qg5
h6 15. Qh4 Ne4 16. Qxg4 Qxf1+ 17. Nxf1 Nf2+ 18. Kg1 Nxg4 19. Bf4 Kd7 20. Re1
Bd6 21. Bxd6 Kxd6 22. h3 Nf6 23. Nd2 b5 24. a3 a5 25. Nb3 Ne4 26. Kf1 b4 0-1

[Event "Ogolnopolski Integracyjny Turniej Szacho"]
[Site "Osrodek "]
[Date "2012.??.??"]
[Round "1.3"]
[White "Bakalarz, Leszek"]
[Black "Korycki, Jozef"]
[Result "1-0"]
[WhiteElo "2161"]
[BlackElo "1737"]
[PlyCount "61"]
[EventDate "2012.??.??"]

1. e4 e5 2. Nf3 Nc6 3. Bb5 d6 4. O-O Bd7 5. c3 Be7 6. d4 exd4 7. cxd4 Nf6 8.
Re1 O-O 9. Nc3 a6 10. Bd3 Bg4 11. Be3 h6 12. Rc1 Re8 13. Ne2 Bxf3 14. gxf3 Nh7
15. f4 Bh4 16. Kh1 f5 17. e5 Qd7 18. d5 Ne7 19. e6 Qd8 20. Nc3 Nf6 21. Qf3 Nh7
22. Qh3 Bf6 23. Bxf5 Bxc3 24. bxc3 Nxd5 25. Bxh7+ Kh8 26. Be4 Nxe3 27. Rxe3 Qf6
28. f5 c6 29. Rg1 Re7 30. Rg6 Qf8 31. f6 1-0

[Event "Ogolnopolski Integracyjny Turniej Szacho"]
[Site "Osrodek "]
[Date "2012.??.??"]
[Round "1.4"]
[White "Przybylowicz, Kazimierz"]
[Black "Pioch, Zygmunt"]
[Result "1/2-1/2"]
[WhiteElo "1732"]
[BlackElo "2120"]
[PlyCount "91"]
[EventDate "2012.??.??"]

1. e4 e5 2. Nf3 Nc6 3. d4 exd4 4. Bc4 Nf6 5. e5 d5 6. Bb5 Ne4 7. O-O Bd7 8.
Bxc6 bxc6 9. Nxd4 Bc5 10. Be3 Qe7 11. f4 O-O 12. Nd2 Nxd2 13. Qxd2 f6 14. Nf3
Bb6 15. Bxb6 axb6 16. h3 Bf5 17. c3 Be4 18. exf6 Rxf6 19. Ng5 h6 20. Nxe4 Qxe4
21. Rae1 Qc4 22. a3 Raf8 23. g3 g5 24. Kh2 gxf4 25. gxf4 Rxf4 26. Rg1+ Kh8 27.
Rg2 R4f6 28. Re7 Qc5 29. Reg7 Qd6+ 30. Kh1 Rf1+ 31. Rg1 Qf6 32. Qd3 Rxg1+ 33.
Rxg1 Qf3+ 34. Qxf3 Rxf3 35. Re1 Rxh3+ 36. Kg2 Rd3 37. Re8+ Kg7 38. Re7+ Kf6 39.
Rxc7 Rd2+ 40. Kf3 Rxb2 41. Rxc6+ Ke5 42. Rxh6 Rb3 43. Ke2 Rxc3 44. Rxb6 Rxa3
45. Rb8 Ra2+ 46. Kd1 1/2-1/2

[Event "Ogolnopolski Integracyjny Turniej Szacho"]
[Site "Osrodek "]
[Date "2012.??.??"]
[Round "1.5"]
[White "Kowalczyk, Lucjan"]
[Black "Juraszewski, Mieczyslaw"]
[Result "1/2-1/2"]
[WhiteElo "2103"]
[BlackElo "1726"]
[PlyCount "31"]
[EventDate "2012.??.??"]

1. g3 d5 2. f4 Nf6 3. b4 a6 4. Bg2 e6 5. a3 c5 6. bxc5 Bxc5 7. Nf3 Nc6 8. Nc3
Qc7 9. e3 Rb8 10. Bb2 b5 11. Ne2 Be7 12. O-O O-O 13. Ned4 Bb7 14. Qe2 b4 15.
Nb3 a5 16. Nfd4 {(...30)} 1/2-1/2

[Event "Ogolnopolski Integracyjny Turniej Szacho"]
[Site "Osrodek "]
[Date "2012.??.??"]
[Round "1.6"]
[White "Borkowski, Jozef"]
[Black "Szczepaniec, Stanislaw"]
[Result "0-1"]
[WhiteElo "1717"]
[BlackElo "2052"]
[PlyCount "44"]
[EventDate "2012.??.??"]

1. e4 c5 2. Nf3 Nc6 3. d4 cxd4 4. Nxd4 g6 5. b3 Bg7 6. Bb2 Qa5+ 7. Ke2 Qe5 8.
Ke3 d5 9. f3 f5 10. c3 Bh6+ 11. Kf2 fxe4 12. fxe4 Nf6 13. Nd2 dxe4 14. Nc4 Qf4+
15. Ke1 Ng4 16. Qe2 Nxd4 17. cxd4 O-O 18. Bc1 e3 19. h3 Qg3+ 20. Kd1 Nf2+ 21.
Kc2 Nxh1 22. Nxe3 Rf2 0-1

[Event "Ogolnopolski Integracyjny Turniej Szacho"]
[Site "Osrodek "]
[Date "2012.??.??"]
[Round "1.7"]
[White "Krasowski, Slawomir"]
[Black "Wojtowicz, Mieczyslaw"]
[Result "1-0"]
[WhiteElo "1999"]
[BlackElo "1716"]
[PlyCount "39"]
[EventDate "2012.??.??"]

1. e4 e5 2. Nf3 d6 3. d4 exd4 4. Nxd4 Nc6 5. Be3 Nf6 6. Nc3 g6 7. Be2 Bg7 8. g4
h6 9. f3 a6 10. Qd2 Bd7 11. O-O-O Qe7 12. h4 O-O-O 13. Nxc6 Bxc6 14. Bc4 Nd7
15. Nd5 Qf8 16. Qa5 Bxd5 17. Bxd5 Nc5 18. b4 Bc3 19. Qa3 Qg7 20. bxc5 1-0

[Event "Ogolnopolski Integracyjny Turniej Szacho"]
[Site "Osrodek "]
[Date "2012.??.??"]
[Round "1.8"]
[White "Krawczyk, Zbigniew"]
[Black "Jelen, Janusz"]
[Result "0-1"]
[WhiteElo "1702"]
[BlackElo "1991"]
[PlyCount "58"]
[EventDate "2012.??.??"]

1. c4 Nf6 2. Nc3 e6 3. e4 d5 4. cxd5 exd5 5. exd5 Nxd5 6. Nf3 Be7 7. d4 O-O 8.
Bc4 Nb6 9. Bb3 Bg4 10. Be3 Nc6 11. O-O Bxf3 12. Qxf3 Nxd4 13. Bxd4 Qxd4 14.
Rad1 Qf6 15. Qxb7 Bd6 16. Rd3 Qe5 17. g3 a5 18. Qe4 Qg5 19. h4 Qh6 20. a3 Nd7
21. Na4 Rae8 22. Qd4 Re7 23. Qd5 Re5 24. Qf3 Qg6 25. Rfd1 Rfe8 26. Qc6 R5e7 27.
Rxd6 cxd6 28. Rxd6 Qg4 29. Qc4 Qh3 0-1

[Event "Ogolnopolski Integracyjny Turniej Szacho"]
[Site "Osrodek "]
[Date "2012.??.??"]
[Round "1.9"]
[White "Borowski, Jaroslaw"]
[Black "Chmielowski, Stefan"]
[Result "0-1"]
[WhiteElo "1977"]
[BlackElo "1677"]
[PlyCount "97"]
[EventDate "2012.??.??"]

1. e4 d6 2. f4 Nf6 3. Nc3 c6 4. Nf3 g6 5. d4 Bg4 6. Be2 Bg7 7. O-O O-O 8. a4 a5
9. Kh1 Na6 10. e5 Bxf3 11. Bxf3 Ne8 12. Ne4 d5 13. Ng3 e6 14. c3 c5 15. dxc5
Nxc5 16. Be3 b6 17. Qc2 Rc8 18. Ne2 Na6 19. Qd2 Nc5 20. Qc2 f5 21. Nd4 Nc7 22.
Qd2 Qd7 23. Qd1 Ne4 24. Be2 Nc5 25. Nb5 Nxb5 26. Bxb5 Qc7 27. Qe2 Rfd8 28. Bd4
Bf8 29. Rad1 Nb3 30. Bg1 Bc5 31. Qc2 Bxg1 32. Kxg1 Nc5 33. Rd4 Ne4 34. Ba6 Rb8
35. Rfd1 Qc5 36. Kf1 Qe7 37. g3 Kg7 38. Bd3 Nc5 39. Bb5 h5 40. h4 Ne4 41. Kg2
Rbc8 42. Qb3 Rc5 43. Bd3 Qc7 44. Bxe4 fxe4 45. R1d2 b5 46. Qd1 b4 47. cxb4 axb4
48. Rxe4 Rc1 49. Qb3 0-1

[Event "Ogolnopolski Integracyjny Turniej Szacho"]
[Site "Osrodek "]
[Date "2012.??.??"]
[Round "1.10"]
[White "Jasinska-kuzia, Lidia"]
[Black "Wojcieszyn, Zdzislaw"]
[Result "0-1"]
[WhiteElo "1670"]
[BlackElo "1958"]
[PlyCount "30"]
[EventDate "2012.??.??"]

1. e4 c5 2. Nc3 Nc6 3. Nf3 Nf6 4. e5 Ng4 5. d4 cxd4 6. Nxd4 Ngxe5 7. Bf4 Ng6 8.
Bg3 a6 9. Be2 e6 10. Bh5 d5 11. Bxg6 hxg6 12. O-O Bd6 13. a3 Bxg3 14. fxg3 Qb6
15. Nce2 e5 0-1

[Event "Ogolnopolski Integracyjny Turniej Szacho"]
[Site "Osrodek "]
[Date "2012.??.??"]
[Round "1.11"]
[White "Staruch, Roman"]
[Black "Rafalski, Krzysztof"]
[Result "1-0"]
[WhiteElo "1957"]
[BlackElo "1667"]
[PlyCount "51"]
[EventDate "2012.??.??"]

1. e4 g6 2. d4 Bg7 3. Nc3 c6 4. f4 d6 5. Bc4 Nf6 6. Nf3 O-O 7. O-O d5 8. exd5
Nxd5 9. Ne5 f5 10. Qf3 e6 11. Be3 b5 12. Bb3 a5 13. a4 b4 14. Nxd5 cxd5 15. c4
bxc3 16. bxc3 Ba6 17. c4 Bxe5 18. fxe5 Kh8 19. Rfc1 f4 20. Bf2 Bb7 21. cxd5 Na6
22. Rc3 Qb6 23. Rac1 Nb4 24. Rc7 exd5 25. Qh3 h5 26. Qd7 1-0

[Event "Ogolnopolski Integracyjny Turniej Szacho"]
[Site "Osrodek "]
[Date "2012.??.??"]
[Round "1.12"]
[White "Kurz, Krzysztof"]
[Black "Krawcewicz, Lucyna"]
[Result "0-1"]
[WhiteElo "1640"]
[BlackElo "1948"]
[PlyCount "50"]
[EventDate "2012.??.??"]

1. d4 d5 2. c4 c6 3. Nc3 dxc4 4. e4 b5 5. a3 Nd7 6. Nf3 Nb6 7. Be3 Bb7 8. Be2
e6 9. O-O Nf6 10. Ne5 Be7 11. Na2 Rc8 12. Bf3 O-O 13. Nb4 a5 14. Nc2 c5 15.
dxc5 Bxc5 16. Nd4 Bxd4 17. Qxd4 Qxd4 18. Bxd4 Bxe4 19. Bxe4 Nxe4 20. f3 Nf6 21.
Rad1 Nfd5 22. Kf2 Rfd8 23. g3 f6 24. Ng4 e5 25. Bxe5 fxe5 0-1

[Event "Ogolnopolski Integracyjny Turniej Szacho"]
[Site "Osrodek "]
[Date "2012.??.??"]
[Round "1.13"]
[White "Winiarski, Kazimierz"]
[Black "Kolcz, Jozef"]
[Result "1-0"]
[WhiteElo "1941"]
[BlackElo "1629"]
[PlyCount "74"]
[EventDate "2012.??.??"]

1. d4 e6 2. c4 Bb4+ 3. Bd2 Qe7 4. a3 Bxd2+ 5. Nxd2 d5 6. e3 Nf6 7. Ngf3 Nc6 8.
Bd3 e5 9. dxe5 Nxe5 10. Nxe5 Qxe5 11. Qc2 d4 12. Nf3 Qe7 13. Nxd4 c5 14. Nf5
Bxf5 15. Bxf5 g6 16. Bd3 O-O 17. O-O Qe5 18. h3 Nh5 19. Be4 Rab8 20. Bd5 Nf6
21. Rad1 Rfd8 22. e4 Qc7 23. f4 b5 24. b3 Nxd5 25. Rxd5 bxc4 26. Qxc4 Rxd5 27.
exd5 Rd8 28. f5 Qd6 29. fxg6 hxg6 30. Rd1 Qb6 31. Rc1 a6 32. Rc3 Qb5 33. Qxb5
axb5 34. Rxc5 b4 35. a4 Kf8 36. Rb5 Ke7 37. Rxb4 Rxd5 1-0

[Event "Ogolnopolski Integracyjny Turniej Szacho"]
[Site "Osrodek "]
[Date "2012.??.??"]
[Round "1.14"]
[White "Krzystala, Henryk"]
[Black "Najdzionek, Boleslaw"]
[Result "0-1"]
[WhiteElo "1621"]
[BlackElo "1921"]
[PlyCount "52"]
[EventDate "2012.??.??"]

1. Nf3 Nf6 2. g3 Nc6 3. d4 d5 4. c3 Bf5 5. Bg2 h6 6. Bf4 e6 7. Ne5 Nxe5 8. Bxe5
Nd7 9. Bf4 c5 10. Qb3 Qb6 11. Be3 c4 12. Qxb6 axb6 13. Nd2 Be7 14. O-O O-O 15.
Nf3 b5 16. Bf4 Nb6 17. b3 Rfc8 18. Bd2 Bc2 19. Ne1 Bxb3 20. e4 Rxa2 21. Rxa2
Bxa2 22. exd5 Nxd5 23. Nf3 b4 24. cxb4 c3 25. Rc1 Bxb4 26. Ra1 cxd2 0-1

[Event "Ogolnopolski Integracyjny Turniej Szacho"]
[Site "Osrodek "]
[Date "2012.??.??"]
[Round "1.16"]
[White "Zatylny, Jan"]
[Black "Dembowski, Andrzej"]
[Result "0-1"]
[WhiteElo "1614"]
[BlackElo "1911"]
[PlyCount "43"]
[EventDate "2012.??.??"]

1. d4 Nf6 2. c4 g6 3. Nc3 Bg7 4. e4 d6 5. Nf3 c5 6. dxc5 Qa5 7. Qa4+ Qxa4 8.
Nxa4 Nxe4 9. Bd3 Nxc5 10. Nxc5 dxc5 11. O-O O-O 12. Bc2 Nc6 13. Bb3 b6 14. a3
Bb7 15. Bc2 Na5 16. Nd2 Rad8 17. Rb1 Rd7 18. b4 cxb4 19. axb4 Nc6 20. Ba4 Rfd8
21. Nf3 Rd3 22. Be3 0-1

[Event "Ogolnopolski Integracyjny Turniej Szacho"]
[Site "Osrodek "]
[Date "2012.??.??"]
[Round "1.18"]
[White "Woronowicz, Zbigniew"]
[Black "Karolak, Jan"]
[Result "0-1"]
[WhiteElo "1554"]
[BlackElo "1906"]
[PlyCount "36"]
[EventDate "2012.??.??"]

1. Nf3 d5 2. c4 d4 3. d3 Nc6 4. g3 e5 5. e3 Bb4+ 6. Bd2 dxe3 7. fxe3 Bg4 8.
Bxb4 Nxb4 9. Qa4+ Nc6 10. Bg2 Qxd3 11. Nbd2 Qxe3+ 12. Kd1 O-O-O 13. Kc2 e4 14.
Rhe1 Qd3+ 15. Kc1 exf3 16. Nxf3 Bxf3 17. Qc2 Qxc2+ 18. Kxc2 Bxg2 0-1

[Event "Ogolnopolski Integracyjny Turniej Szacho"]
[Site "Osrodek "]
[Date "2012.??.??"]
[Round "1.19"]
[White "Wodas, Pawel"]
[Black "Jurkiewicz, Kazimierz"]
[Result "1-0"]
[WhiteElo "1898"]
[BlackElo "1468"]
[PlyCount "45"]
[EventDate "2012.??.??"]

1. Nf3 d5 2. d4 Bg4 3. Ne5 Nf6 4. h3 Bd7 5. c4 dxc4 6. Na3 c3 7. bxc3 e6 8. Qb3
b6 9. g4 a5 10. Bg2 Ra7 11. Nb5 a4 12. Qc4 Bxb5 13. Qxb5+ Nbd7 14. Nc6 Qa8 15.
O-O Ra5 16. Nxa5 Qxa5 17. Qxa5 bxa5 18. Bc6 a3 19. Rb1 Be7 20. Rb8+ Bd8 21.
Bxa3 Nd5 22. Rfb1 Nxc3 23. R1b2 1-0

[Event "Ogolnopolski Integracyjny Turniej Szacho"]
[Site "Osrodek "]
[Date "2012.??.??"]
[Round "1.20"]
[White "Jagiello, Adolf"]
[Black "Kubin, Aleksander"]
[Result "0-1"]
[WhiteElo "1459"]
[BlackElo "1891"]
[PlyCount "52"]
[EventDate "2012.??.??"]

1. e4 e6 2. Nf3 d5 3. Bd3 c5 4. Bb5+ Nc6 5. Bxc6+ bxc6 6. exd5 cxd5 7. d3 Nf6
8. h3 Be7 9. O-O O-O 10. Ne5 Bb7 11. Nd2 Qc7 12. f4 Bd6 13. Qe2 a5 14. c4 Rfe8
15. b3 Rad8 16. a4 Nd7 17. Ndf3 f6 18. Nxd7 Rxd7 19. g3 Qb6 20. Rb1 dxc4 21.
dxc4 Qc6 22. Bd2 Bc7 23. Rbd1 Red8 24. Kh2 Rd3 25. Ne1 Rxb3 26. Nf3 Rxf3 0-1

[Event "Ogolnopolski Integracyjny Turniej Szacho"]
[Site "Osrodek "]
[Date "2012.??.??"]
[Round "1.21"]
[White "Miozga, Tomasz"]
[Black "Tomczyk, Ryszard"]
[Result "1-0"]
[WhiteElo "1863"]
[BlackElo "1431"]
[PlyCount "69"]
[EventDate "2012.??.??"]

1. e4 e6 2. d4 d5 3. exd5 exd5 4. Bd3 Bd6 5. Nf3 h6 6. O-O Be6 7. Re1 Nc6 8.
Bf5 Qf6 9. Bxe6 fxe6 10. Qe2 Nd8 11. Nc3 c6 12. Ne5 Ne7 13. Qh5+ g6 14. Qh3 h5
15. Qg3 Nf7 16. Qh3 Nf5 17. Qd3 O-O-O 18. Bf4 g5 19. Nxf7 Qxf7 20. Bxg5 Rdg8
21. h4 Re8 22. f4 Qg7 23. Ne2 Bb4 24. c3 Ba5 25. b4 Bb6 26. b5 c5 27. a4 cxd4
28. a5 Bc5 29. cxd4 Bxd4+ 30. Nxd4 Qxd4+ 31. Qxd4 Nxd4 32. Rac1+ Kd7 33. Bf6
Nxb5 34. Bxh8 Rxh8 35. Re5 1-0

[Event "Ogolnopolski Integracyjny Turniej Szacho"]
[Site "Osrodek "]
[Date "2012.??.??"]
[Round "1.22"]
[White "Budnik, Kazimierz"]
[Black "Rogalski, Krzysztof"]
[Result "0-1"]
[WhiteElo "1423"]
[BlackElo "1854"]
[PlyCount "58"]
[EventDate "2012.??.??"]

1. e4 e5 2. Nf3 Nc6 3. Bc4 Nf6 4. Ng5 d5 5. exd5 Na5 6. Bb5+ c6 7. dxc6 bxc6 8.
Bd3 Bd6 9. Ne4 Nxe4 10. Bxe4 f5 11. Bd3 O-O 12. O-O Nb7 13. c3 Be6 14. Bc2 Qh4
15. g3 Qf6 16. Bb3 Nc5 17. Bxe6+ Nxe6 18. d3 Rad8 19. Qh5 Rf7 20. Na3 f4 21.
Nc4 Bc7 22. Bd2 Rxd3 23. Rae1 Rd5 24. Qg4 h5 25. Qxh5 e4 26. Qe2 Ng5 27. Kh1
Nf3 28. Rd1 Rh5 29. Qxe4 Rxh2# 0-1

[Event "Ogolnopolski Integracyjny Turniej Szacho"]
[Site "Osrodek "]
[Date "2012.??.??"]
[Round "1.23"]
[White "Dulinski, Stanislaw"]
[Black "Ostrowski, Michal"]
[Result "1-0"]
[WhiteElo "1851"]
[BlackElo "1418"]
[PlyCount "90"]
[EventDate "2012.??.??"]

1. e4 g6 2. f4 d6 3. d4 c5 4. Nf3 e6 5. Nc3 Nc6 6. Be3 Nf6 7. h3 Bg7 8. Be2 a6
9. a3 b5 10. O-O Bb7 11. Qe1 O-O 12. Rd1 Qc7 13. dxc5 dxc5 14. Bxc5 Qxf4 15.
Nh2 Qg5 16. Bxf8 Bxf8 17. Nf3 Bc5+ 18. Kh1 Qh6 19. Qh4 Qxh4 20. Nxh4 Nh5 21.
Bxh5 gxh5 22. Rd7 Nd8 23. Rfd1 Bb6 24. R1d6 Bc6 25. Rxd8+ Bxd8 26. Rxc6 Bxh4
27. Kh2 Bf2 28. g3 Kg7 29. Kg2 Bd4 30. b3 Rd8 31. Ne2 Bf6 32. Kf3 e5 33. Nc1
Rd1 34. Nd3 Rd2 35. h4 a5 36. Ke3 Rg2 37. Kf3 Rd2 38. Ne1 Be7 39. a4 bxa4 40.
bxa4 Bb4 41. Nd3 f6 42. Ke3 Rg2 43. Kf3 Rd2 44. Ke3 Rg2 45. c3 Be7 1-0

[Event "Ogolnopolski Integracyjny Turniej Szacho"]
[Site "Osrodek "]
[Date "2012.??.??"]
[Round "1.24"]
[White "Pilecki, Jozef"]
[Black "Zaleski, Jan"]
[Result "0-1"]
[WhiteElo "1416"]
[BlackElo "1851"]
[PlyCount "38"]
[EventDate "2012.??.??"]

1. e4 c5 2. Bc4 d6 3. a3 Nf6 4. d3 Bd7 5. Nc3 e6 6. h3 Bc6 7. Bb5 Be7 8. Nge2
Nbd7 9. O-O Bxb5 10. Nxb5 Qb6 11. a4 Ne5 12. Bd2 O-O 13. Rb1 d5 14. Ng3 dxe4
15. dxe4 Qc6 16. b3 Nxe4 17. Nxe4 Qxe4 18. Be3 Rfd8 19. Qe2 Rd7 0-1

[Event "Ogolnopolski Integracyjny Turniej Szacho"]
[Site "Osrodek "]
[Date "2012.??.??"]
[Round "1.25"]
[White "Szydlowski, Wiktor"]
[Black "Szynwelski, Ryszard"]
[Result "1/2-1/2"]
[WhiteElo "1835"]
[BlackElo "1414"]
[PlyCount "133"]
[EventDate "2012.??.??"]

1. e4 e5 2. Nf3 Nc6 3. d4 exd4 4. Bc4 h6 5. O-O Bc5 6. c3 d6 7. cxd4 Bb6 8. Nc3
a6 9. Re1 Bg4 10. Be3 Nge7 11. h3 Bh5 12. g4 Bg6 13. Nh4 Qd7 14. Nf5 Bxf5 15.
exf5 f6 16. a3 Kd8 17. b4 d5 18. Bb3 Kc8 19. Qf3 Rd8 20. Rad1 Kb8 21. Ne2 Ka7
22. Nc3 h5 23. Na4 hxg4 24. hxg4 Rh8 25. Nc5 Qd8 26. Ne6 Qd7 27. Bf4 Rh7 28.
Kg2 Rah8 29. Qc3 Ka8 30. a4 Rh4 31. f3 g6 32. a5 Ba7 33. Nxc7+ Kb8 34. Nxd5+
Ka8 35. Nc7+ Kb8 36. Nxa6+ Ka8 37. Nc7+ Kb8 38. b5 g5 39. Bg3 Rh3 40. Ne6+
Rxg3+ 41. Kxg3 Qd6+ 42. Kf2 Rh2+ 43. Ke3 Nb4 44. b6 Ned5+ 45. Bxd5 Nxd5+ 46.
Kd3 Nxc3 47. bxa7+ Kxa7 48. Kxc3 Qa3+ 49. Kc4 Qa2+ 50. Kc5 Rc2+ 51. Kd6 Rc6+
52. Ke7 Qh2 53. Kxf6 Qh6+ 54. Ke5 Qh8+ 55. Ke4 Qe8 56. Rb1 Ra6 57. Ra1 Qc6+ 58.
Ke3 Qc3+ 59. Kf2 Qb2+ 60. Kg3 Qc3 61. Red1 Qb4 62. Rdb1 Qd6+ 63. Kg2 Qe7 64.
Re1 Qb4 65. Rec1 Qd2+ 66. Kg3 Rc6 67. Rd1 1/2-1/2

[Event "Ogolnopolski Integracyjny Turniej Szacho"]
[Site "Osrodek "]
[Date "2012.??.??"]
[Round "1.26"]
[White "Panczuk, Boleslaw"]
[Black "Janocha, Jan"]
[Result "1-0"]
[WhiteElo "1406"]
[BlackElo "1832"]
[PlyCount "63"]
[EventDate "2012.??.??"]

1. e4 c5 2. Nf3 Nc6 3. d4 cxd4 4. Nxd4 Nf6 5. Nc3 e5 6. Nb3 a6 7. Be3 b5 8. Bd3
Be7 9. O-O O-O 10. Re1 d6 11. h3 Qc7 12. Rc1 Bb7 13. Nd5 Nxd5 14. exd5 Nb4 15.
c4 Nxd3 16. Qxd3 bxc4 17. Rxc4 Qd8 18. Rec1 a5 19. Rc7 Ba6 20. Qc3 Bg5 21. Nxa5
f5 22. f4 Bf6 23. Nc6 Qe8 24. fxe5 dxe5 25. d6 Qe6 26. Qc5 f4 27. Bf2 Bc8 28.
Ne7+ Bxe7 29. Rxe7 Qh6 30. Qxe5 Bxh3 31. Bd4 Rf6 32. Qd5+ 1-0

[Event "Ogolnopolski Integracyjny Turniej Szacho"]
[Site "Osrodek "]
[Date "2012.??.??"]
[Round "1.27"]
[White "Barnowski, Sylwester"]
[Black "Krupecka-czarkowska, Danuta"]
[Result "1-0"]
[WhiteElo "1831"]
[BlackElo "1364"]
[PlyCount "47"]
[EventDate "2012.??.??"]

1. e4 e6 2. d4 d6 3. c4 c6 4. Nc3 Nd7 5. Nf3 Ngf6 6. Bg5 Be7 7. Bd3 b6 8. O-O
Ba6 9. Re1 c5 10. d5 O-O 11. b3 e5 12. Nd2 Rb8 13. Re3 h6 14. Bxf6 Nxf6 15. Nf1
Nh7 16. Ng3 Bg5 17. Re1 Bf4 18. a4 Bc8 19. Nf5 g6 20. Ne3 Qh4 21. g3 Qg5 22. h4
Qh5 23. Qxh5 gxh5 24. gxf4 1-0

[Event "Ogolnopolski Integracyjny Turniej Szacho"]
[Site "Osrodek "]
[Date "2012.??.??"]
[Round "1.32"]
[White "Przybylak, Gabriela"]
[Black "Strojek, Kazimierz"]
[Result "0-1"]
[WhiteElo "1410"]
[BlackElo "1737"]
[PlyCount "50"]
[EventDate "2012.??.??"]

1. Nf3 Nf6 2. Nc3 d5 3. d4 Bg4 4. e3 e6 5. h3 Bh5 6. a3 Nbd7 7. Be2 a6 8. Bd2
Bd6 9. b3 O-O 10. Qc1 Re8 11. Qd1 h6 12. b4 Qe7 13. Na4 b6 14. Nc3 c5 15. b5 a5
16. a4 c4 17. Rb1 Rac8 18. g4 Bg6 19. Rg1 Ne4 20. Rg2 Nxd2 21. Kxd2 Bb4 22. Ne5
Nxe5 23. dxe5 d4 24. exd4 Qg5+ 25. Ke1 Bxc3+ 0-1

[Event "Ogolnopolski Integracyjny Turniej Szacho"]
[Site "Osrodek "]
[Date "2012.??.??"]
[Round "2.1"]
[White "Karolak, Jan"]
[Black "Kiedrowicz, Jan"]
[Result "0-1"]
[WhiteElo "1906"]
[BlackElo "2298"]
[PlyCount "38"]
[EventDate "2012.??.??"]

1. Nf3 g6 2. g3 Bg7 3. Bg2 Nf6 4. O-O O-O 5. d3 d5 6. c3 Nc6 7. Qc2 e5 8. e4 a5
9. a4 h6 10. Na3 Be6 11. exd5 Bxd5 12. h3 Nd7 13. Be3 Ne7 14. Qd2 Nf5 15. Nc2
Bc6 16. d4 Nxe3 17. fxe3 e4 18. Nh2 Nc5 19. Qe2 Nxa4 0-1

[Event "Ogolnopolski Integracyjny Turniej Szacho"]
[Site "Osrodek "]
[Date "2012.??.??"]
[Round "2.2"]
[White "Wojcieszyn, Jacenty"]
[Black "Wodas, Pawel"]
[Result "1-0"]
[WhiteElo "2240"]
[BlackElo "1898"]
[PlyCount "63"]
[EventDate "2012.??.??"]

1. d4 Nf6 2. Nf3 g6 3. c4 c5 4. d5 e6 5. Nc3 exd5 6. cxd5 d6 7. Bg5 Bg7 8. e3
a6 9. a4 h6 10. Bh4 Nbd7 11. Nd2 Qe7 12. h3 O-O 13. Be2 Rb8 14. O-O g5 15. Bg3
Ne5 16. Qc2 Bd7 17. a5 Rfe8 18. Ra3 Rec8 19. f4 Ng6 20. Nc4 gxf4 21. exf4 Bb5
22. Re1 Re8 23. f5 Nf4 24. Bf1 Qxe1 25. Bxe1 Rxe1 26. Nxb5 axb5 27. Qf2 Rbe8
28. Nxd6 N6xd5 29. Kh2 R8e3 30. Rxe3 Rxe3 31. f6 Bxf6 32. Nf5 1-0

[Event "Ogolnopolski Integracyjny Turniej Szacho"]
[Site "Osrodek "]
[Date "2012.??.??"]
[Round "2.3"]
[White "Kubin, Aleksander"]
[Black "Bakalarz, Leszek"]
[Result "0-1"]
[WhiteElo "1891"]
[BlackElo "2161"]
[PlyCount "86"]
[EventDate "2012.??.??"]

1. e4 c5 2. Nc3 Nc6 3. Bc4 g6 4. f4 Bg7 5. Nf3 e6 6. O-O Nge7 7. a4 d5 8. Ba2
dxe4 9. Nxe4 O-O 10. d3 b6 11. Qe1 Nd4 12. Nxd4 Qxd4+ 13. Kh1 Qxa4 14. c3 Qd7
15. Rf3 Bb7 16. Rh3 h5 17. Ng5 Nf5 18. Bd2 Rae8 19. Qe2 a5 20. Re1 Re7 21. Kg1
e5 22. Qf2 Bd5 23. Bb1 exf4 24. Rxe7 Qxe7 25. Bxf4 Re8 26. Ne4 c4 27. Ng3 Qe1+
28. Qf1 Nxg3 29. Bxg3 Qxf1+ 30. Kxf1 Bxg2+ 31. Kxg2 Re2+ 32. Kf3 Rxb2 33. d4
Rxb1 34. Bc7 a4 35. Rg3 a3 36. Rg2 Rb2 37. Rg1 b5 38. Ra1 Rb3 39. Ke4 Rxc3 40.
Ra2 b4 41. d5 f5+ 42. Kf4 Rd3 43. d6 Bb2 0-1

[Event "Ogolnopolski Integracyjny Turniej Szacho"]
[Site "Osrodek "]
[Date "2012.??.??"]
[Round "2.4"]
[White "Szczepaniec, Stanislaw"]
[Black "Miozga, Tomasz"]
[Result "1-0"]
[WhiteElo "2052"]
[BlackElo "1863"]
[PlyCount "69"]
[EventDate "2012.??.??"]

1. c4 e6 2. Nf3 Nf6 3. g3 d5 4. Bg2 Be7 5. d4 O-O 6. Qc2 c6 7. O-O Nbd7 8. Rd1
Re8 9. b3 Bd6 10. Nc3 b6 11. e4 dxe4 12. Ng5 Bb7 13. Ncxe4 Nxe4 14. Nxe4 Nf6
15. Nxd6 Qxd6 16. Bf4 Qe7 17. c5 Nd5 18. Bd6 Qd7 19. Re1 Ne7 20. Rad1 Rad8 21.
g4 Ng6 22. f4 Ne7 23. Be4 h6 24. f5 exf5 25. gxf5 Bc8 26. Qg2 Nxf5 27. Bxc6
Rxe1+ 28. Rxe1 Nh4 29. Bxd7 Nxg2 30. Re8+ Rxe8 31. Bxe8 Ne3 32. c6 Nf5 33. Bb8
Nxd4 34. Bd7 Nxc6 35. Bxc6 1-0

[Event "Ogolnopolski Integracyjny Turniej Szacho"]
[Site "Osrodek "]
[Date "2012.??.??"]
[Round "2.5"]
[White "Rogalski, Krzysztof"]
[Black "Krasowski, Slawomir"]
[Result "0-1"]
[WhiteElo "1854"]
[BlackElo "1999"]
[PlyCount "70"]
[EventDate "2012.??.??"]

1. d4 e6 2. c4 f5 3. Nf3 Nf6 4. g3 c5 5. d5 d6 6. dxe6 Bxe6 7. Qd3 Nc6 8. Nc3
Nb4 9. Qb1 Qd7 10. a3 Nc6 11. Qd3 Na5 12. Nd2 Ng4 13. e4 Ne5 14. Qe3 Naxc4 15.
Nxc4 Nxc4 16. Qf4 fxe4 17. Qxe4 d5 18. Qf3 d4 19. Ne4 O-O-O 20. Bg2 Ne5 21. Qd1
Bc4 22. Bf1 Qf5 23. Nd2 Nd3+ 24. Bxd3 Bxd3 25. f3 Re8+ 26. Kf2 Re2+ 27. Kg1 Bd6
28. Ne4 Qxf3 29. Nxd6+ Kd7 30. Qf1 Qxf1+ 31. Kxf1 Rxh2+ 32. Kg1 Rxh1+ 33. Kxh1
Kxd6 34. Kg2 Re8 35. Kf3 Re2 0-1

[Event "Ogolnopolski Integracyjny Turniej Szacho"]
[Site "Osrodek "]
[Date "2012.??.??"]
[Round "2.6"]
[White "Jelen, Janusz"]
[Black "Dulinski, Stanislaw"]
[Result "1-0"]
[WhiteElo "1991"]
[BlackElo "1851"]
[PlyCount "50"]
[EventDate "2012.??.??"]

1. d4 Nf6 2. c4 c6 3. Nc3 d5 4. Bg5 Nbd7 5. e3 e6 6. Bd3 Be7 7. Nge2 h6 8. Bh4
O-O 9. O-O Nh7 10. Bg3 f5 11. Nf4 Rf6 12. Qc2 Ndf8 13. f3 b6 14. cxd5 cxd5 15.
Nb5 g5 16. Ne2 Bb7 17. Be5 Rg6 18. g4 Nf6 19. gxf5 Rg7 20. fxe6 a6 21. Nbc3 Rc8
22. Ng3 b5 23. a3 Kh8 24. Nf5 Nxe6 25. Nxg7 Nxg7 1-0